| 000 | 01738cam a22002054a 4500 | ||
|---|---|---|---|
| 005 | 20250605163944.0 | ||
| 008 | 250528s ||||||||||||||||||||||||d | ||
| 035 | _a15127 | ||
| 020 | _a25518704 | ||
| 040 |
_aGR-AtMCL _bgre _dGR-AtMCL _eAACR2 |
||
| 245 | 1 | _aPersonal Computers for the Successful Small Business | |
| 260 |
_bMacmillan Publishing Company, _c1984 |
||
| 300 | _a204 | ||
| 505 | 0 | _aIntroduction, Evaluating Today's Compuiter Hardware, Understanding the Hardware, Hardware Specifications and Features: What They Mean to You, Peripherals That Work Wonders, Multi-User Systems and Local Area Networks, Business Software: The Heart of the Matter, How to Be Your Own Software Consultant, Making Life Easy with Software: Six Features to Look For, Buyer's Guide to Business Software, Buying and Installing Your System, How to Buy Your Personal Computer System, Getting Started the Right Way, Reviews of Personal and Portable and Multi-User Computers, How to Use the Computer Reviews, Appendices, Index. | |
| 520 | _aIntroduction, Evaluating Today's Compuiter Hardware, Understanding the Hardware, Hardware Specifications and Features: What They Mean to You, Peripherals That Work Wonders, Multi-User Systems and Local Area Networks, Business Software: The Heart of the Matter, How to Be Your Own Software Consultant, Making Life Easy with Software: Six Features to Look For, Buyer's Guide to Business Software, Buying and Installing Your System, How to Buy Your Personal Computer System, Getting Started the Right Way, Reviews of Personal and Portable and Multi-User Computers, How to Use the Computer Reviews, Appendices, Index. | ||
| 700 | 1 |
_aHockney Donald _9977 |
|
| 942 | _cBK | ||
| 999 |
_c722 _d722 |
||